| 000 | 00566nam a2200205Ia 4500 | ||
|---|---|---|---|
| 003 | GCL | ||
| 008 | 140319s9999 xx 000 0 eng d | ||
| 020 | _a1 86470 018 1 | ||
| 040 |
_aGCL / _cGCL |
||
| 082 | 0 | 4 |
_a720.922 _bI S |
| 245 | 1 | 0 | _aSKIDMORE, OWINGS & MERRILL LLP |
| 260 |
_aاستراليا : _bIMAGES PUBLISHING ، _c2000 |
||
| 300 |
_a32 CM ؛ _c261 P |
||
| 650 | 0 | 4 | _aARCHITECTURE |
| 650 | 0 | 4 | _aPUBLIC BUILDINGS |
| 650 | 0 | 4 | _aARCHITECTURE, MODERN |
| 650 | 0 | 4 | _aARCHITECTURE - HISTORY |
| 650 | 0 | 4 | _aARCHITECTURE - DESIGNS AND PLANS |
| 942 |
_2ddc _cBK |
||
| 999 |
_c5748 _d5748 |
||